000 00532cam a22002054a 4500
005 20250605163603.0
008 250528s ||||||||||||||||||||||||d
035 _a22270
020 _a9789600117721
040 _aGR-AtMCL
_bgre
_dGR-AtMCL
_eAACR2
245 1 _aΗ ΔΙΑΧΕΙΡΙΣΗ ΤΗΣ ΔΕΠ-Υ
250 _a1
260 _bGutenberg,
_c2016
300 _a709
700 1 _aΚακουρος Ευθυμιος
700 1 _aΜανιαδακη Κατερινα
942 _cBK
999 _c7326
_d7326